Pokémon Aléatoire (1) - Statistiques

Statistiques générales
  • Ce quiz a été pris 44 fois
  • Le résultat moyen est 18 sur 25
Statistiques - réponses
Par images Réponse % Correct
Abo
100%
Abra
100%
Aéromite
100%
Akwakwak
100%
Alakazam
100%
Amonistar
100%
Apireine
100%
Apitrini
100%
Aquali
100%
Arcanin de Hisui
100%
Armaldo
100%
Artikodin
100%
Barbicha
100%
Barpau
100%
Bastiodon
100%
Blizzi
100%
Boustiflor
100%
Branette
100%
Braségali
100%
Cacturne
100%
Carabaffe
100%
Caratroc
100%
Carchacrok
100%
Celebi
100%
Ceribou
100%
Chaffreux
100%
Chamallot
100%
Chapignon
100%
Charkos
100%
Charmillon
100%
Charmina
100%
Cochignon
100%
Coquiperl
100%
Corayon de Galar
100%
Cornèbre
100%
Crikzik
100%
Crocrodil
100%
Démolosse
100%
Deoxys
100%
Dracaufeu
100%
Dynavolt
100%
Ecayon
100%
Ecrapince
100%
Ecrémeuh
100%
Elecsprint
100%
Elektek
100%
Embrylex
100%
Etourvol
100%
Excelangue
100%
Farfuret
100%
Férosinge
100%
Feuforêve
100%
Feunard d'Alola
100%
Flagadoss
100%
Floravol
100%
Florizarre
100%
Fouinar
100%
Fouinette
100%
Galeking
100%
Galopa
100%
Galopa de Galar
100%
Gardevoir
100%
Germignon
100%
Gobou
100%
Goinfrex
100%
Goupix
100%
Griknot
100%
Grolem
100%
Grolem d'Alola
100%
Groret
100%
Grotadmorv
100%
Groudon
100%
Hariyama
100%
Héliatronc
100%
Herbizarre
100%
Hippodocus
100%
Hippopotas
100%
Ho-Oh
100%
Hyporoi
100%
Jirachi
100%
Kabutops
100%
Kaiminus
100%
Kaimorse
100%
Kaorine
100%
Keunotor
100%
Kirlia
100%
Kokiyas
100%
Krabboss
100%
Krabby
100%
Kyogre
100%
Lainergie
100%
Lamantine
100%
Latios
100%
Leveinard
100%
Léviator
100%
Lilia
100%
Lippoutou
100%
Lockpin
100%
Lucario
100%
Lugia
100%
Luminéon
100%
Luxray
100%
Machoc
100%
Mackogneur
100%
Macronium
100%
Magicarpe
100%
Magirêve
100%
Magmar
100%
Magnéton
100%
Malosse
100%
Marill
100%
Massko
100%
Medhyèna
100%
Méditikka
100%
Mélokrik
100%
Métalosse
100%
Métamorph
100%
Mew
100%
Mewtwo
100%
Miaouss
100%
Migalos
100%
Milobellus
100%
Mime Jr
100%
Mimitoss
100%
Minidraco
100%
Monaflèmit
100%
Morphéo
100%
Moufouette
100%
Muciole
100%
Mustébouée
100%
Mustéflott
100%
Nénupiot
100%
Nidoking
100%
Nidoran F
100%
Nidorina
100%
Nidorino
100%
Ninjask
100%
Nirondelle
100%
Noadkoko
100%
Noarfang
100%
Noctali
100%
Noeunoeuf
100%
Nosferalto
100%
Nosferapti
100%
Obalie
100%
Octillery
100%
Osselait
100%
Papilord
100%
Papilusion
100%
Parasect
100%
Persian
100%
Pifeuil
100%
Pikachu
100%
Pingoléon
100%
Poissirène
100%
Polichombr
100%
Ponyta
100%
Porygon
100%
Prinplouf
100%
Psykokwak
100%
Ptéra
100%
Pyroli
100%
Queulorior
100%
Racaillou
100%
Racaillou d'Alola
100%
Rafflesia
100%
Ramoloss
100%
Rapasdepic
100%
Rattata
100%
Rattatac
100%
Rhinoféros
100%
Roserade
100%
Roucool
100%
Roucoups
100%
Rozbouton
100%
Sancoki
100%
Saquedeneu
100%
Scarabrute
100%
Scarhino
100%
Scorplane
100%
Séléroc
100%
Séviper
100%
Simiabraz
100%
Simularbre
100%
Skelénox
100%
Smogo
100%
Smogogo
100%
Spectrum
100%
Spiritomb
100%
Spoink
100%
Stalgamin
100%
Stari
100%
Staross
100%
Steelix
100%
Sulfura
100%
Tarsal
100%
Tauros
100%
Teddiursa
100%
Tengalice
100%
Tentacruel
100%
Terhal
100%
Tiplouf
100%
Togepi
100%
Togetic
100%
Tournegrin
100%
Tritosor
100%
Tropius
100%
Tygnon
100%
Tylton
100%
Typhlosion
100%
Tyranocif
100%
Ursaring
100%
Vibraninf
100%
Vigoroth
100%
Volcaropod
100%
Voltali
100%
Voltorbe
100%
Voltorbe de Hisui
100%
Wailmer
100%
Wattouat
100%
Xatu
100%
Zigzaton de Galar
100%
Taupiqueur
83%
Camérupt
80%
Archéodong
75%
Azurill
75%
Brouhabam
75%
Corboss
75%
Granivol
75%
Gravalanch
75%
Libégon
75%
Piafabec
75%
Posipi
75%
Raichu
75%
Salamèche
75%
Wailord
75%
Bekipan
67%
Castorno
67%
Donphan
67%
Electrode
67%
Hoothoot
67%
Kicklee
67%
Kraknoix
67%
Méganium
67%
Mélofée
67%
Parecool
67%
Porygon2
67%
Qwilfish
67%
Ptiravi
60%
Aligatueur
50%
Altaria
50%
Avaltout
50%
Axoloto de Paldea
50%
Azumarill
50%
Balbuto
50%
Balignon
50%
Barloche
50%
Cacnea
50%
Carvanha
50%
Cerfrousse
50%
Cizayox
50%
Dardargnan
50%
Dinoclier
50%
Drattak
50%
Fantominus
50%
Galifeu
50%
Girafarig
50%
Granbull
50%
Grodrive
50%
Insolourdo
50%
Kabuto
50%
Kapoera
50%
Korillon
50%
Maraiste
50%
Marcacrin
50%
Métang
50%
Miaouss de Galar
50%
Mimigal
50%
Moufflair
50%
Mysdibule
50%
Mystherbe
50%
Natu
50%
Paras
50%
Persian d'Alola
50%
Pomdepik
50%
Rayquaza
50%
Regirock
50%
Rémoraid
50%
Rhinocorne
50%
Rosabyss
50%
Sabelette
50%
Skitty
50%
Tarpaud
50%
Torterra
50%
Vortente
50%
Amonita
33%
Carmache
33%
Coxyclaque
33%
Delcatty
33%
Feunard
33%
Grotadmorv d'Alola
33%
Hypocéan
33%
Lumivole
33%
Regice
33%
Lanturn
25%
Ningale
20%
Absol
0%
Airmure
0%
Anorith
0%
Arakdo
0%
Arbok
0%
Arcanin
0%
Archéomire
0%
Arcko
0%
Armulys
0%
Artikodin de Galar
0%
Aspicot
0%
Axoloto
0%
Babimanta
0%
Baudrive
0%
Blindalys
0%
Boskara
0%
Bulbizarre
0%
Cadoizo
0%
Canarticho
0%
Canarticho de Galar
0%
Caninos
0%
Caninos de Hisui
0%
Capidextre
0%
Capumain
0%
Carapuce
0%
Ceriflor
0%
Chaglam
0%
Chartor
0%
Chenipan
0%
Chenipotte
0%
Cheniselle
0%
Cheniti
0%
Chétiflor
0%
Chimpenfeu
0%
Chrysacier
0%
Chuchmur
0%
Coatox
0%
Coconfort
0%
Colhomard
0%
Colossinge
0%
Corayon
0%
Cotovol
0%
Coxy
0%
Cradopaud
0%
Crustabri
0%
Debugant
0%
Démanta
0%
Dodrio
0%
Doduo
0%
Draby
0%
Drackhaus
0%
Draco
0%
Dracolosse
0%
Drascore
0%
Ectoplasma
0%
Electhor
0%
Electhor de Galar
0%
Electrode de Hisui
0%
Elekid
0%
Empiflor
0%
Entei
0%
Eoko
0%
Etourmi
0%
Etourvol
0%
Evoli
0%
Farfuret de Hisui
0%
Feurisson
0%
Flagadoss de Galar
0%
Flobio
0%
Foretress
0%
Galegon
0%
Galekid
0%
Gloupti
0%
Goélise
0%
Goupix d'Alola
0%
Grahyèna
0%
Grainipiot
0%
Gravalanch d'Alola
0%
Grodoudou
0%
Hélédelle
0%
Héricendre
0%
Hypnomade
0%
Hypotrempe
0%
Insécateur
0%
Joliflor
0%
Jungko
0%
Kadabra
0%
Kangourex
0%
Kecleon
0%
Kranidos
0%
Laggron
0%
Laporeille
0%
Latias
0%
Leuphorie
0%
Limagma
0%
Linéon
0%
Linéon de Galar
0%
Lippouti
0%
LIxy
0%
Lokhlass
0%
Lombre
0%
Loupio
0%
Lovdisc
0%
Ludicolo
0%
Luxio
0%
Machopeur
0%
Magby
0%
Magnéti
0%
Makuhita
0%
Mangriff
0%
Manzaï
0%
Maskadra
0%
Mélo
0%
Mélodelfe
0%
Mentali
0%
Miaouss d'Aloa
0%
M. Mime
0%
M. Mime de Galar
0%
Munja
0%
Négapi
0%
Nidoqueen
0%
Nidoran M
0%
Noadkoko d'Alola
0%
Nostenfer
0%
Okéoké
0%
Oniglali
0%
Onix
0%
Ortide
0%
Ossatueur
0%
Ossatueur d'Alola
0%
Otaria
0%
Ouisticram
0%
Pachirisu
0%
Papinox
0%
Phanpy
0%
Pharamp
0%
Phogleur
0%
Pichu
0%
Pijako
0%
Poissoroy
0%
Ponyta de Galar
0%
Poussifeu
0%
Ptitard
0%
Qulbutoké
0%
Qwilfish de Hisui
0%
Raikou
0%
Ramboum
0%
Ramoloss de Galar
0%
Rapion
0%
Rattatac d'Alola
0%
Rattata d'Alola
0%
Registeel
0%
Relicanth
0%
Reptincel
0%
Riolu
0%
Roigada
0%
Roigada de Galar
0%
Rondoudou
0%
Ronflex
0%
Rosélia
0%
Roucarnage
0%
Sabelette d'Alola
0%
Sablaireau
0%
Sablaireau d'Aloa
0%
Serpang
0%
Sharpedo
0%
Smogogo de Galar
0%
Snubbull
0%
Solaroc
0%
Soporifik
0%
Spinda
0%
Suicune
0%
Sulfura de Galar
0%
Tadmorv
0%
Tadmorv d'Alola
0%
Tarinor
0%
Tartard
0%
Taupiqueur d'Alola
0%
Tauros de Paldea
0%
Ténéfix
0%
Tentacool
0%
Téraclope
0%
Têtarte
0%
Tortank
0%
Tortipouss
0%
Toudoudou
0%
Triopikeur
0%
Triopikeur d'Aloa
0%
Typhlosion de Hisui
0%
Vacilys
0%
Yanma
0%
Ymphect
0%
Zarbi
0%
Zigzaton
0%
Aucun quiz correspondant
Distribution des résultats
% des personnes avec chaque résultat
Percentile par nombre de réponses
Votre historique - résultats
Vous n’avez pas pris ce quiz